[Event "New York State-ch 138th"]
[Site "Colonie"]
[Date "2016.09.05"]
[Round "5"]
[White "Steindorf, Monroe L"]
[Black "Varosy, Gyula"]
[Result "0-1"]
[WhiteElo "1621"]
[BlackElo "1642"]
[PlyCount "102"]
[EventDate "2016.09.02"]
[EventType "swiss"]
[EventRounds "6"]
[EventCountry "USA"]
[SourceTitle "CBM 174 Extra"]
[Source "ChessBase"]
[SourceDate "2016.10.10"]
[SourceVersion "1"]
[SourceVersionDate "2016.10.10"]
[SourceQuality "1"]

1. b4 e5 2. Bb2 d6 3. c3 Bf5 4. a3 Nf6 5. Nf3 e4 6. Nd4 Bg6 7. e3 d5 8. c4 Be7 9. cxd5 Nxd5 10. Bc4 0-0 11. Nc3 Nb6 12. Be2 Bf6 13. Nc2 Nc6 14. 0-0 Nd5 15. f3 exf3 16. Bxf3 Nxc3 17. Bxc3 Bxc3 18. dxc3 Qxd1 19. Bxd1 Rfe8 20. Re1 Rad8 21. Nd4 Nxd4 22. cxd4 Rxd4 23. exd4 Rxe1+ 24. Kf2 Re7 25. Bf3 c6 26. d5 cxd5 27. Bxd5 Rc7 28. Bb3 Kf8 29. Re1 Rc3 30. Ba4 f6 31. Re3 Rc7 32. Bb5 Re7 33. g3 a6 34. Rxe7 Kxe7 35. Be2 Be4 36. Bf3 Bxf3 37. Kxf3 Kd6 38. Ke4 b5 39. h3 g6 40. g4 h6 41. h4 Ke6 42. Kf4 g5+ 43. hxg5 hxg5+ 44. Ke4 Kf7 45. Kf5 Ke7 46. Ke4 Ke6 47. Ke3 Ke5 48. Kf3 Kd4 49. Kf2 Ke4 50. Kg3 Ke3 51. Kg2 Kf4 0-1

[Event "New York State-ch 138th"]
[Site "Colonie"]
[Date "2016.09.04"]
[Round "4"]
[White "Lionti, Michael P"]
[Black "Steindorf, Monroe L"]
[Result "1-0"]
[WhiteElo "1453"]
[BlackElo "1621"]
[PlyCount "65"]
[EventDate "2016.09.02"]
[EventType "swiss"]
[EventRounds "6"]
[EventCountry "USA"]
[SourceTitle "CBM 174 Extra"]
[Source "ChessBase"]
[SourceDate "2016.10.10"]
[SourceVersion "1"]
[SourceVersionDate "2016.10.10"]
[SourceQuality "1"]

1. d4 Nf6 2. c4 g6 3. Nc3 Bg7 4. Nf3 0-0 5. e4 d6 6. Be3 Bg4 7. Be2 Nc6 8. h3 Bxf3 9. Bxf3 e5 10. d5 Ne7 11. Qd2 c6 12. Bh6 cxd5 13. Bxg7 Kxg7 14. cxd5 Qb6 15. Bg4 Rh8 16. Rc1 Nxg4 17. hxg4 h5 18. gxh5 Rxh5 19. Rxh5 gxh5 20. Qg5+ Ng6 21. Rc2 Rh8 22. Ne2 Qa5+ 23. Kf1 h4 24. f4 f6 25. Qg4 exf4 26. Nxf4 Qb5+ 27. Re2 Qe8 28. Nh5+ Kf7 29. Rf2 Qb5+ 30. Kg1 Qc5 31. Qe6+ Kf8 32. Qxf6+ Ke8 33. Qxg6+ 1-0